Sudhoffs Archiv für Geschichte der Medizin und der Naturwissenschaften

محفوظ في:

التنسيق: دورية

اللغة: Undetermined

منشور في: JSTOR
Franz Steiner Verlag

الموضوعات:

الوصول للمادة أونلاين: Login to view Source

الوسوم: إضافة وسم

لا توجد وسوم, كن أول من يضع وسما على هذه التسجيلة!

رقم الطلب:

LEADER 00548nas a2200157Ia 4500
008 220214c99999999xx |||||||||||| ||und||
022 |a 0365-2610 
245 0 0 |a Sudhoffs Archiv für Geschichte der Medizin und der Naturwissenschaften 
264 1 |b JSTOR 
264 1 |b Franz Steiner Verlag 
362 0 |a Vol. 27(1934)-49 (1965) 
653 1 0 |a History of Science & Technology 
856 4 0 |u https://www.jstor.org/journal/sudarcgesmednat 
942 |c JL 
952 |0 0  |1 0  |4 0  |7 1  |9 37387  |a JSR  |b JSR  |d 2022-02-14  |l 0  |r 2022-02-14 00:00:00  |w 2022-02-14  |y JL 
999 |c 45718  |d 45718